000 01259njm a22003017a 4500
005 20100907140713.0
007 sd ammalaaahaa
008 100907t xxu||||| |||| 00| 0 eng d
028 _aN. 54364
_bHis Master's Voice
035 _aGR-01184
040 _aSED/VEN
100 _aMangeshkar, Lata and Bhosle, Asha
_918700
245 _aMere mehboob part-1 /
_cby , Lata Mangeshkar and Asha Bhosle; lyrics by Shakeel Badauni
246 _a मेरमहबूब (लता मंगेशकर) पार्ट-1
260 _aDam Dam, India
_bHis Mater's Voice
300 _a1 Sound Disc [Gramophone Record] :
_banalog.33 1/33 rpm
_c10 in (LP)
_fGramophone Record
500 _aBrief Record
505 _aMere mehboob me kya nahi, Tere pyar me dildaar (मेरे महबूब में क्या नहीं ) (तेरे प्यार में दिलदार ) part-2
650 _aClassical Music
_xExcerpts
_zIndia
_918707
700 _918701
_aभोसले, Asha
700 _aBadayumi, Shakeel
_918782
700 _918752
700 _918745
700 _aKokate, Sahebrao
_918729
700 _918702
942 _2ddc
_cGR
999 _c44318
_d44318